000 00558nam a22001937a 4500
999 _c20844
_d20844
003 AR-CdUCM
008 190606b ||||| |||| 00| 0 spa d
040 _aMUNICIPALIDAD PROVINCIAL DEL CUSCO
_cBIBLIOTECA MUNICIPAL DEL CUSCO
082 _a869.56 /
_bQ7
100 _aQuinteras, Serafina
_92798
245 _aCancionero 40 años después /
260 _bArius,
_c1943.
300 _a109 páginas ;
_c20 cm.
505 _aContenido: Canciones
650 _aCancionero
_96729
650 _a40 años despues
_943526
942 _2ddc
_cLIBROS
945 _aAndy